<?xml version="1.0" encoding="UTF-8"?>
<record
    xmlns:xsi="http://www.w3.org/2001/XMLSchema-instance"
    xsi:schemaLocation="http://www.loc.gov/MARC21/slim http://www.loc.gov/standards/marcxml/schema/MARC21slim.xsd"
    xmlns="http://www.loc.gov/MARC21/slim">

  <leader>03395nam a2200601Ia 4500</leader>
  <controlfield tag="001">7188</controlfield>
  <controlfield tag="008">241029s9999    xx            000 0 und d</controlfield>
  <datafield tag="010" ind1=" " ind2=" ">
    <subfield code="a">6809</subfield>
  </datafield>
  <datafield tag="041" ind1=" " ind2=" ">
    <subfield code="a">Espa&#xF1;ol</subfield>
  </datafield>
  <datafield tag="082" ind1=" " ind2=" ">
    <subfield code="a">UCSD-MGP-0249-2018</subfield>
  </datafield>
  <datafield tag="245" ind1=" " ind2="0">
    <subfield code="a">An&#xE1;lisis del impacto de la gesti&#xF3;n directiva en el proceso ense&#xF1;anza-aprendizaje del segundo ciclo del Nivel Primario de la Escuela B&#xE1;sica Camila Henr&#xED;quez Ure&#xF1;a, Distrito 10-03, periodo 2017-2018</subfield>
  </datafield>
  <datafield tag="260" ind1=" " ind2=" ">
    <subfield code="a">Distrito Nacional</subfield>
  </datafield>
  <datafield tag="300" ind1=" " ind2=" ">
    <subfield code="a">66</subfield>
  </datafield>
  <datafield tag="520" ind1=" " ind2=" ">
    <subfield code="a">64</subfield>
  </datafield>
  <datafield tag="630" ind1=" " ind2=" ">
    <subfield code="a">Actores Educativos</subfield>
  </datafield>
  <datafield tag="630" ind1=" " ind2=" ">
    <subfield code="a">Aprendizaje Significativo</subfield>
  </datafield>
  <datafield tag="630" ind1=" " ind2=" ">
    <subfield code="a">Calidad Educativa</subfield>
  </datafield>
  <datafield tag="630" ind1=" " ind2=" ">
    <subfield code="a">Ense&#xF1;anza-Aprendizaje</subfield>
  </datafield>
  <datafield tag="630" ind1=" " ind2=" ">
    <subfield code="a">Estrategia de Aprendizaje</subfield>
  </datafield>
  <datafield tag="650" ind1=" " ind2=" ">
    <subfield code="a">Calidad Educativa</subfield>
  </datafield>
  <datafield tag="690" ind1=" " ind2=" ">
    <subfield code="a">Elaborado</subfield>
  </datafield>
  <datafield tag="700" ind1=" " ind2=" ">
    <subfield code="e">asesor</subfield>
    <subfield code="a">Cruz , Pascual  Francisco</subfield>
  </datafield>
  <datafield tag="700" ind1=" " ind2=" ">
    <subfield code="e">autor</subfield>
    <subfield code="a">Bautista Brown , Yordana Altagracia </subfield>
  </datafield>
  <datafield tag="700" ind1=" " ind2=" ">
    <subfield code="e">autor</subfield>
    <subfield code="a">Valdez Divy , Xiomara</subfield>
  </datafield>
  <datafield tag="700" ind1=" " ind2=" ">
    <subfield code="e">autor</subfield>
    <subfield code="a">Bautista Payano , Mercedes</subfield>
  </datafield>
  <datafield tag="700" ind1=" " ind2=" ">
    <subfield code="e">asesor</subfield>
    <subfield code="a">Lendof , Maribel Isabel </subfield>
  </datafield>
  <datafield tag="901" ind1=" " ind2=" ">
    <subfield code="a">{"1":"Bautista Brown ","2":"Valdez Divy ","3":"Bautista Payano "}</subfield>
    <subfield code="b">{"1":"Yordana Altagracia ","2":"Xiomara","3":"Mercedes"}</subfield>
  </datafield>
  <datafield tag="902" ind1=" " ind2=" ">
    <subfield code="a">2</subfield>
  </datafield>
  <datafield tag="903" ind1=" " ind2=" ">
    <subfield code="a">{"1":"Lendof ","2":"Cruz "}</subfield>
    <subfield code="b">{"1":"Maribel Isabel ","2":"Pascual  Francisco"}</subfield>
  </datafield>
  <datafield tag="904" ind1=" " ind2=" ">
    <subfield code="a">Maestr&#xED;a en</subfield>
  </datafield>
  <datafield tag="905" ind1=" " ind2=" ">
    <subfield code="a">Docencia Universitaria</subfield>
  </datafield>
  <datafield tag="906" ind1=" " ind2=" ">
    <subfield code="a">2</subfield>
  </datafield>
  <datafield tag="907" ind1=" " ind2=" ">
    <subfield code="a">NO APLICA</subfield>
  </datafield>
  <datafield tag="908" ind1=" " ind2=" ">
    <subfield code="a">NO APLICA</subfield>
  </datafield>
  <datafield tag="909" ind1=" " ind2=" ">
    <subfield code="a">Universidad Cat&#xF3;lica de Santo Domingo (UCSD)</subfield>
  </datafield>
  <datafield tag="910" ind1=" " ind2=" ">
    <subfield code="a">NULL</subfield>
    <subfield code="b">NULL</subfield>
  </datafield>
  <datafield tag="911" ind1=" " ind2=" ">
    <subfield code="a">["1"]</subfield>
  </datafield>
  <datafield tag="912" ind1=" " ind2=" ">
    <subfield code="a">NO APLICA</subfield>
  </datafield>
  <datafield tag="913" ind1=" " ind2=" ">
    <subfield code="a">NULL</subfield>
  </datafield>
  <datafield tag="914" ind1=" " ind2=" ">
    <subfield code="a">01 de Agosto de 2018</subfield>
  </datafield>
  <datafield tag="915" ind1=" " ind2=" ">
    <subfield code="a">24/11/19 11:11</subfield>
  </datafield>
  <datafield tag="916" ind1=" " ind2=" ">
    <subfield code="a">NULL</subfield>
  </datafield>
  <datafield tag="917" ind1=" " ind2=" ">
    <subfield code="a">NULL</subfield>
  </datafield>
  <datafield tag="918" ind1=" " ind2=" ">
    <subfield code="a">NO APLICA</subfield>
  </datafield>
  <datafield tag="919" ind1=" " ind2=" ">
    <subfield code="a">["7","20","29","89","93"]</subfield>
  </datafield>
  <datafield tag="520" ind1=" " ind2=" ">
    <subfield code="a">El objetivo principal de esta investigaci&#xF3;n consisti&#xF3;, en analizar el impacto de la gesti&#xF3;n directiva en el proceso ense&#xF1;anza-aprendizaje del segundo ciclo del Nivel Primario en la Escuela B&#xE1;sica Camila Henr&#xED;quez Ure&#xF1;a, Distrito Educativo 10-03, periodo 2017-2018.&#xA0; En el estudio se opt&#xF3; por un dise&#xF1;o no experimental, de corte transversal, de tipo descriptivo, de enfoque mixto y de orden cualitativo-cuantitativo.&#xA0; Las t&#xE9;cnicas fueron: revisi&#xF3;n documental, la observaci&#xF3;n, hoja de cotejo y la encuesta.&#xA0; Se tom&#xF3; como poblaci&#xF3;n 5 miembros del equipo de gesti&#xF3;n, 60 ni&#xF1;os del segundo ciclo y 7 docentes.Entre las principales conclusiones se destac&#xF3;, que la gesti&#xF3;n directiva planifica estrategias para involucrar a los padres en el proceso de formaci&#xF3;n educativa de los ni&#xF1;os, aunque le cuesta lograr su objetivo, ya que se integran una minor&#xED;a a las actividades programadas alegando falta de tiempo por el trabajo.&#xA0; Adem&#xE1;s, se observ&#xF3; que el 71% de los docentes respondi&#xF3; que nunca recibe el cronograma de acompa&#xF1;amiento con anticipaci&#xF3;n, reflej&#xE1;ndose una comunicaci&#xF3;n d&#xE9;bil de parte del equipo de gesti&#xF3;n hacia los docentes.Las recomendaciones estuvieron dirigidas al equipo de gesti&#xF3;n, el cual debe reforzar sus funciones para alcanzar mejora significativa en el proceso de ense&#xF1;anza-aprendizaje en la participaci&#xF3;n en las actividades de aula.&#xA0; De igual manera se exhort&#xF3;, avisar con tiempo anticipado las informaciones de las actividades generales y los acompa&#xF1;amientos a los docentes.</subfield>
  </datafield>
  <datafield tag="921" ind1=" " ind2=" ">
    <subfield code="a">63</subfield>
  </datafield>
  <datafield tag="922" ind1=" " ind2=" ">
    <subfield code="a">63</subfield>
  </datafield>
  <datafield tag="923" ind1=" " ind2=" ">
    <subfield code="a">1</subfield>
  </datafield>
  <datafield tag="924" ind1=" " ind2=" ">
    <subfield code="a">NO APLICA</subfield>
  </datafield>
  <datafield tag="942" ind1=" " ind2=" ">
    <subfield code="c">Tesis</subfield>
  </datafield>
  <datafield tag="999" ind1=" " ind2=" ">
    <subfield code="c">6809</subfield>
    <subfield code="d">6809</subfield>
  </datafield>
</record>
